00964nam a2200277Ia 450000500170000000800410001702000180005804100080007610000430008424500680012725000260019530000250022149000280024650000420027465000380031665000420035465000450039665000320044165100380047326400410051133600270055233700330057933800280061204000350064008400110067520220317001906.0170410s2015 c g 000 f s  a9789588894089 aspa1 aGarcía Márquez, Gabrield1928-201413aEl amor en los tiempos del cóleracGabriel García Márquez aPrimera reimpresión a494 páginasc24 cm aLiteratura Random House aIncluye datos biográficos del autor142LEMBaNovela colombianaySiglo XX142LEMBaLiteratura colombianaySiglo XX142LEMBaRealismo mágico en la literatura142LEMBaAmor en la literatura 4aMagdalena (rio, colombia)vNovela aBogotábPenguin Random Housec2015 atextobtxt2rdacontent asin mediaciónbn2rdamedia avolumenbnc2rdacarrier aCO-BoRNBPbspaerdacCO-BoRNBP aN GAR2